<?xml version="1.0" encoding="UTF-8"?>
<marc:record xmlns:marc="http://www.loc.gov/MARC21/slim">
   <marc:leader>00000nam a2200000 a 4500</marc:leader>
   <marc:datafield ind1="1" ind2=" " tag="100">
      <marc:subfield code="a">Blom, Philipp</marc:subfield>
      <marc:subfield code="4">aut</marc:subfield>
      <marc:subfield code="e">Verfasser/-in</marc:subfield>
   </marc:datafield>
   <marc:datafield ind1=" " ind2=" " tag="653">
      <marc:subfield code="a">Radikale Aufklärung</marc:subfield>
   </marc:datafield>
   <marc:datafield ind1="0" ind2="0" tag="245">
      <marc:subfield code="a">Böse Philosophen</marc:subfield>
   </marc:datafield>
   <marc:datafield ind1="0" ind2="0" tag="245">
      <marc:subfield code="b">ein Salon in Paris und das vergessene Erbe der Aufklärung</marc:subfield>
   </marc:datafield>
   <marc:datafield ind1="0" ind2="0" tag="245">
      <marc:subfield code="c">Philipp Blom</marc:subfield>
   </marc:datafield>
   <marc:datafield ind1=" " ind2="1" tag="264">
      <marc:subfield code="a">München u.a.</marc:subfield>
      <marc:subfield code="b">Hanser Verl.</marc:subfield>
      <marc:subfield code="c">2010</marc:subfield>
   </marc:datafield>
   <marc:datafield ind1="1" ind2=" " tag="520">
      <marc:subfield code="a">Historisches Meisterstück und philosophisches Plädoyer zugleich: Philipp Blom entdeckt die Brisanz der radikalen Aufklärung für unsere Gegenwart. Vor gut 200 Jahren diskutierte der Kreis um Diderot Fragen, die uns bis heute beschäftigen: die Rolle der Religion, das Verhältnis der Geschlechter, den Umgang mit der Lust. Spätere Generationen schreckten vor der Konsequenz zurück, mit der diese Themen im vorrevolutionären Paris diskutiert wurden. Heute ist die Zeit gekommen, diese Debatten wieder aufzunehmen.</marc:subfield>
   </marc:datafield>
   <marc:datafield ind1=" " ind2=" " tag="020">
      <marc:subfield code="a">9783446236486</marc:subfield>
      <marc:subfield code="9">9783446236486</marc:subfield>
   </marc:datafield>
   <marc:datafield ind1=" " ind2=" " tag="020">
      <marc:subfield code="a">3446236481</marc:subfield>
      <marc:subfield code="9">3446236481</marc:subfield>
   </marc:datafield>
   <marc:datafield ind1=" " ind2=" " tag="300">
      <marc:subfield code="a">S. 400</marc:subfield>
   </marc:datafield>
</marc:record>
